| 000 | 00774nam a2200241 a 4500 | ||
|---|---|---|---|
| 001 | 000014567 | ||
| 005 | 20200929163853.0 | ||
| 008 | 100114s1995 pe 000 0bspa d | ||
| 020 | _a8483896176 | ||
| 040 |
_aDO-SdBNP _bspa _cBNPHU |
||
| 082 |
_a923.5 _bG774O |
||
| 100 | 1 |
_aOrtiz Sotelo, Jorge, _932981 |
|
| 245 | 1 | 3 |
_aEl almirante Miguel Grau / _cJorge Ortiz Sotelo. |
| 260 |
_aLima, Perú : _bBrasa, _c1995. |
||
| 300 |
_a124, [3] p. ; _c21 cm. |
||
| 490 | 1 |
_aForjadores del Perú _v17 |
|
| 600 | 1 | 4 |
_aGRAU, MIGUEL, _d1834-1879 _xBIOGRAFÍAS _932982 |
| 650 | 4 |
_aMarinos _zPerú _xBiografías _932983 |
|
| 650 | 4 |
_aPerú _xHistoria _yGUERRA DE INDEPENDENCIA, 1879 _932984 |
|
| 650 | 4 |
_aHeroes _zPerú _932985 |
|
| 830 | 0 |
_aForjadores del Perú ; _v17 _932959 |
|
| 049 | _aBNGR | ||
| 999 |
_c14154 _d14154 |
||